01082nam a2200289 a 4500001001200000003000800012006001900020007001500039008004100054020001800095020001500113040002100128035002100149050002300170100002100193245009800214250001200312260005000324300001900374504004100393533015200434650001600586655002900602700001800631710001700649856012600666ebr10417618CaPaEBRm u cr cn|||||||||101215s2007 ii a sb 000 0 eng d z9788171336777 z8171336779 aCaPaEBRcCaPaEBR a(OCoLC)69868281914aQL463b.S56 2007eb1 aSingh, Rajendra.10aElements of entomologyh[electronic resource] /cby Rajendra Singh ; foreword by G.C. Sachan. a1st ed. aMeerut, India :bRastogi Publications,c2007. a564 p. :bill. aIncludes bibliographical references. aElectronic reproduction.bPalo Alto, Calif. :cebrary,d2011.nAvailable via World Wide Web.nAccess may be limited to ebrary affiliated libraries. 0aEntomology. 7aElectronic books.2local1 aSachan, G. C.2 aebrary, Inc.40uhttp://site.ebrary.com/lib/rucke/Doc?id=10417618zAn electronic book accessible through the World Wide Web; click to view